000 00378nam a22001697a 4500
999 _c10668
_d10668
003 OSt
008 210614b ||||| |||| 00| 0 eng d
020 _a9789387394254
082 _a629.5 NAA
100 _aNARANG,GBS
245 _aAutomobile engineering
250 _a5TH
260 _aNew Delhi
_bKhanna Pub
_c2015
300 _a1183
650 _aDE
_93
942 _2ddc
_cBK